| 000 | 00551nam a2200169 a 4500 | ||
|---|---|---|---|
| 005 | 20140412111222.0 | ||
| 008 | 010423s19uu xx 00 eng d | ||
| 020 | _a0-7239-0007-8 | ||
| 050 |
_aM 910.4 _bL283 1994 |
||
| 100 | _aLangley, Andrew | ||
| 245 |
_aDiscovering the new world : _bthe voyages of Christopher Columbus / _cAndrew Langley; illustrated by Paul Crompton. |
||
| 260 |
_aEngland : _bKibworth Books, _c1994. |
||
| 300 | _a1v. (unp.) ; ill. | ||
| 440 | _aGreat Explorers | ||
| 650 | _aChristopher Columbus - Stories | ||
| 999 |
_c101945 _d101945 |
||